Words in Titles: Stephen King Quiz Stats

 Plays Quiz Updated Nov 24, 2012

Challenge
Share
Tweet
Embed
Score 0/30 Timer 04:00
0 Plays Today
% Correct
It
90.4%
Pet
88%
Christine
87.8%
Stand
84.7%
Tower
84.3%
Mile
83.8%
Zone
83.6%
Lot
79.4%
Things
77.8%
Rose
76%
8
73.1%
Seasons
72.7%
Game
72.5%
Shift
70.9%
Eyes
69.9%
% Correct
House
69.9%
Nightmares
69.5%
Four
68.1%
Hearts
67.8%
Half
66.3%
Story
64.2%
Different
63.9%
Bag
61.9%
Crew
61.5%
Buick
60.2%
Dragon
58.9%
Past
58.8%
Loved
57.7%
Kid
54.5%
Cycle
49.1%

You're not logged in!

Compare scores with friends on all Sporcle quizzes.
Join for Free
OR
Log In

You Might Also Like...

Show Comments

Extras

Top Quizzes Today


Score Distribution

Your Account Isn't Verified!

In order to create a playlist on Sporcle, you need to verify the email address you used during registration. Go to your Sporcle Settings to finish the process.

Report this User

Report this user for behavior that violates our Community Guidelines.

Details: